Ecorregión eje cafetero : (Registro nro. 3279)
[ vista simple ]
| 000 -CABECERA | |
|---|---|
| Campo de control | 00950nam a2200253 a 4500 |
| 005 - FECHA Y HORA DE LA ULTIMA TRANSACCION | |
| Campo de control | 20151006120859.0 |
| 008 - ELEMENTOS DE LONGITUD FIJA—INFORMACION GENERAL | |
| Campo de control | 140310b2002 ck |||||r|||| 00| 0 spa d |
| 040 ## - FUENTE DE CATALOGACIÓN | |
| Agencia catalogadora original | CO-BoIAVH |
| Agencia transcriptora | CO-BoIAVH |
| 041 0# - IDIOMA | |
| Código de idioma para texto/pista de sonido o título separado | Español |
| 044 ## - PAÍS DE PUBLICACIÓN | |
| País de publicación | Colombia |
| 082 04 - NUMERO DE CLASIFICACION DECIMAL DEWEY | |
| Número de clasificación | 333.9516 |
| Número del ítem | E19e |
| 090 ## - CLASIFICACIÓN LOCAL | |
| Colección | LB |
| Consecutivo | 03048 |
| 110 2# - ASIENTO PRINCIPAL--NOMBRE CORPORATIVO | |
| Nombre corporativo o de jurisdicción como elemento de entrada | Colombia |
| Unidad subordinad | Sistema Nacional Ambiental |
| 9 (RLIN) | 40516 |
| 245 10 - MENCION DE TITULO | |
| Título | Ecorregión eje cafetero : |
| Parte restante del título | un territorio de oportunidades |
| 260 ## - PUBLICACION, DISTRIBUCION, ETC. (PIE DE IMPRENTA) | |
| Lugar de publicación, distribución, etc. | Pereira: |
| Nombre del editor, distribuidor, etc. | SINA, |
| Fecha de publicación, distribución, etc. | 2002. |
| 300 ## - DESCRIPCION FISICA | |
| Extensión | 356 páginas : |
| Otros detalles físicos | gráficas y mapas ; |
| Dimensiones | 28 cm. |
| Material acompañante | 1 CD-ROM |
| 500 ## - NOTA GENERAL | |
| Nota general | Incluye índices de mapas, gráficas, figuras, tablas y cuadros. |
| 650 #4 - ASIENTO SECUNDARIO DE MATERIA - TERMINO TEMATICO | |
| Término temático o nombre geográfico como elemento de entrada | Biodiversidad |
| Subdivisión general | conservación |
| Subdivisión geográfica | Eje Cafetero (Región, Colombia) |
| 9 (RLIN) | 40517 |
| 650 #4 - ASIENTO SECUNDARIO DE MATERIA - TERMINO TEMATICO | |
| Término temático o nombre geográfico como elemento de entrada | Conservación de la biodiversidad |
| Subdivisión geográfica | Eje Cafetero (Región, Colombia) |
| 9 (RLIN) | 40518 |
| 650 #4 - ASIENTO SECUNDARIO DE MATERIA - TERMINO TEMATICO | |
| Término temático o nombre geográfico como elemento de entrada | Areas naturales |
| 9 (RLIN) | 32896 |
| 650 #4 - ASIENTO SECUNDARIO DE MATERIA - TERMINO TEMATICO | |
| Término temático o nombre geográfico como elemento de entrada | Reservas naturales |
| 9 (RLIN) | 40519 |
| 650 #4 - ASIENTO SECUNDARIO DE MATERIA - TERMINO TEMATICO | |
| Término temático o nombre geográfico como elemento de entrada | Ecorregiones |
| Subdivisión geográfica | Eje Cafetero (Región, Colombia) |
| 9 (RLIN) | 40520 |
| 942 ## - ELEMENTOS ADICIONALES (KOHA) | |
| Tipo de ítem | Libro |
| Sistema de clasificación | Dewey Decimal Classification |
| Withdrawn status | Lost status | Sistema de Clasificación | Damaged status | No para préstamo | Colección | Inventariado | Ubicación Permanente | Ubicación actual | Fecha de adquisición | Fuente de Valor | Valor | Total Checkouts | Número topográfico | Inventario / Código de Barras | Date last seen | Ejemplar | Price effective from | Forma de adquisición | Tipo de material | Public note |
|---|---|---|---|---|---|---|---|---|---|---|---|---|---|---|---|---|---|---|---|---|
| Dewey Decimal Classification | General | Inventariado 2017 | Bogotá | Bogotá | 12/05/2005 | Instituto | 15000.00 | LB-333.9516 E19e | 016954 | 04/12/2012 | Ej. 3 | 04/12/2012 | Libro | Incluye CD-ROM no para préstamo (CID- 016955). | ||||||
| Dewey Decimal Classification | General | Inventariado 2017 | Sala Fabio Quevedo | Sala Fabio Quevedo | 13/02/2015 | Instituto | 15000.00 | LB-333.9516 E19e | 038683 | 13/02/2015 | Ej. 4 | 13/02/2015 | Libro |